| 000 | 02893nam0a2200445 4500 | ||
|---|---|---|---|
| 001 | RU\NLR\BIBL_A\022576929 | ||
| 005 | 20260420050256.0 | ||
| 010 |
_a978-5-907961-28-9 _930 |
||
| 021 |
_aRU _bКН-П-25-026199 _9КН-П-25-2611 |
||
| 035 | _a(NLR Aleph) 022576929 | ||
| 090 |
_a13676549 _c13676549 |
||
| 100 | _a20250701d2025 u y0rusy50 ca | ||
| 101 | 0 | _arus | |
| 102 | _aRU | ||
| 105 | _aach|ac||001yb | ||
| 181 | 0 |
_ai3 _baxxe |
|
| 182 | 0 | _an | |
| 200 | 1 |
_aЮрий Иванович Борсяков _eбиобиблиографический указатель _fМинистерство просвещения Российской Федерации, Федеральное государственное бюджетное образовательное учреждение высшего образования "Воронежский государственный педагогический университет", Фундаментальная библиотека _gсоставители: Н. В. Бакулина, З. Н. Тимченко _gнаучный редактор: С. В. Корнев |
|
| 203 |
_aТекст _bвизуальный _cнепосредственный |
||
| 210 |
_aВоронеж _cВоронежский государственный педагогический университет _d2025 |
||
| 215 |
_a58 с., [8] ил., портр., факс. _cцв. портр. _d20 |
||
| 225 | 1 | _aУченые Воронежского государственного педагогического университета | |
| 225 | 1 | _aСерия "Ученые Воронежского государственного педагогического университета" | |
| 320 | _aИмен. указ.: с. 54-56 | ||
| 320 | _aУказ. мест изд.: с. 57 | ||
| 600 | 1 |
_aБорсяков _bЮ. И. _f1965 _gЮрий Иванович _jБиобиблиография _92672867 _3RU\NLR\AUTH\6601758386 |
|
| 686 | 1 | _aЮ3(2)7д.я1 | |
| 686 | 1 | _aЧ489.514(2Р-4Вр-2Вр)7-8Борсяков.я1 | |
| 702 | 1 |
_aБакулина _bН. В. _gНаталия Владимировна _4220 |
|
| 702 | 1 |
_4340 _aКорнев _bС. В. _cд-р физ.-мат. наук _f1978- _gСергей Викторович _9129602 _3RU\NLR\AUTH\770129633 |
|
| 702 | 1 |
_aБорсяков _bЮ. И. _gЮрий Иванович _4280 |
|
| 702 | 1 |
_aБакулина _bН. В. |
|
| 702 | 1 |
_aТимченко _bЗ. Н. |
|
| 712 | 0 | 2 |
_4570 _aВоронежский государственный педагогический университет _bФундаментальная библиотека _9753803 _3RU\NLR\AUTH\8810128383 |
| 942 | _cBOOK | ||
| 980 | _aNB | ||